Statistics for European Languages

Click here to take the quiz!

General Stats

  • This quiz has been taken 4,868 times
  • The average score is 37 of 52

Answer Stats

HintAnswer% Correct
GermanicGerman
98%
RomanceFrench
95%
RomanceItalian
95%
SlavicRussian
95%
RomanceSpanish
95%
GermanicSwedish
95%
GermanicEnglish
94%
CelticIrish
93%
GermanicDutch
92%
UralicFinnish
92%
TurkicTurkish
92%
Other Indo-EuropeanGreek
91%
GermanicNorwegian
91%
RomanceRomanian
91%
BalticLatvian
90%
SlavicPolish
90%
GermanicDanish
89%
UralicEstonian
89%
BalticLithuanian
89%
SlavicSerbian
89%
SlavicCroatian
88%
UralicHungarian
88%
SlavicSlovak
88%
SlavicSlovenian
86%
SlavicBulgarian
85%
SlavicCzech
85%
RomancePortuguese
85%
IllyrianAlbanian
83%
SlavicUkrainian
83%
SlavicBosnian
78%
GermanicIcelandic
78%
SlavicMacedonian
77%
SlavicBelarusian
73%
CelticWelsh
73%
RomanceCatalan
72%
CelticScots Gaelic
66%
OtherBasque
59%
OtherMaltese
57%
Other Indo-EuropeanArmenian
53%
OtherGeorgian
50%
RomanceRomansh
49%
TurkicAzeri
44%
GermanicLetzeburgish
44%
SlavicMontenegrin
39%
CelticBreton
38%
RomanceGalician
37%
GermanicFrisian
31%
UralicSami
31%
GermanicFaroese
28%
UralicKarelian
14%
TurkicGagauz
9%
Other Indo-EuropeanOssetic
8%

Score Distribution

Percentile by Number Answered

Percent of People with Each Score

Your Score History

You have not taken this quiz